| 000 | 00581 a2200181 4500 | ||
|---|---|---|---|
| 020 | _a0763714372 | ||
| 040 |
_aDLC _bDLC |
||
| 082 | 0 | 0 | _a515.9 |
| 100 | 1 | _aZill, Dennis G., | |
| 245 | 1 | 2 |
_aA first course in complex analysis with applications _cDennis G. Zill, Patrick D. Shanahan. |
| 246 | 3 | 0 | _aComplex analysis |
| 260 |
_aBoston : _bJones and Bartlett, _cc2003. |
||
| 300 |
_a1 v. (various pagings) : _bill. (some col.) ; _c27 cm. |
||
| 500 | _aIncludes indexes. | ||
| 650 | 0 | _aFunctions of complex variables. | |
| 700 | 1 |
_aShanahan, Patrick, _d1931- |
|
| 942 |
_cBK _k515.9 ZIL _2ddc |
||
| 999 |
_c4425 _d4425 |
||